Estadísticas para Islas por forma

Haz click aquí para intentar la prueba.

Estadísticas generales

  • Esta prueba ha sido intentada 2.452 veces
    (1.841 desde el último reinicio)
  • La puntuación promedio es 9 de 16

Estadísticas de respuestas

Respuesta% Correcto
Australia
99%
Chipre
96%
Cuba
90%
Islandia
90%
Sri Lanka
87%
Groenlandia
78%
Gran Bretaña
73%
Sicilia
60%
Creta
46%
Nueva Guinea
39%
Hokkaido
33%
Isla Norte
31%
Terranova
30%
Célebes
28%
Baffin
27%
Hawái
21%

Distribución de puntuación

Porcentaje por número respondido

Porcentaje de gente con cada puntuación

Historial de tus puntuaciones

No has intentado esta prueba desde el último reinicio